Başkanlar kuruluna sunulan özelleştirme raporu (Record no. 5188)

MARC details
000 -BAŞLIK
Sabit Uzunlukta Kontrol Alanı 00622na a2200205 4500
001 - KONTROL NUMARASI
Denetim Alanı 17864
003 - KONTROL NUMARASI IDENTIFIER
Denetim Alanı MIRAKIL
005 - SON İŞLEM TARİHİ VE ZAMANI
Denetim Alanı 20181213155030.0
008 - SABİT-BOY VERİ ELEMANLARI - GENEL BİLGİLER
Sabit Uzunlukta Kontrol Alanı 161107b tu 000 0
040 ## - KATALOGLAMA KAYNAK
Orijinal Kataloglama Ajansı Milas
Kataloglama Dili tur
Metne Dönüştürmek Ajansı TR-AnCHP
041 ## - DİL KODU
Metin / Ses Parça Veya Ayrı Başlığın Dil Kodu tur
082 ## - DEWEY ONLU SINIFLANDIRMA NUMARASI
Sınıflandırma Numarası 338.6064
Ürün Numarası B27 1993
090 ## - SINIFLAMA NUMARASI
Sınıflama Numarası 338.6064 B27 1993
245 ## - BAŞLIK TABLOSU
Başlık Başkanlar kuruluna sunulan özelleştirme raporu
Sorumluluk Tablosu, Vb Türk-İş
260 ## - YAYIN, DAĞITIM, VB
Yayın, Dağıtım, Vb Yeri Ankara
Yayıncı, Dağıtıcı, Vs Adı Türk-İş
Yayın, Dağıtım, Vb Tarihi 1993
300 ## - FİZİKSEL TANIM
Kapsam krşk. (yaklaşık 250 s.)
Boyutlar 29 sm.
650 ## - KONU KATMA GİRİŞ - TOPİKAL DÖNEM
Topikal Süreli Veya Coğrafi Ad Giriş Elemanı Özelleştirme
Genel Alt Bölümü Raporlar
Coğrafi Alt Bölümü Türkiye
710 ## - KATMA GİRİŞ - KURUMSAL ADI
Giriş Elemanı Olarak Kurumsal Ad Veya Yargı Alanı Adı Türkiye İşveren Sendikaları Konfederasyonu (Türk-İş)
942 ## - EKLENDİ GİRİŞ ELEMANLARI (KOHA)
Sınıflandırma Veya Raf Düzeni Kaynak Dewey Decimal Classification
Koha Öğesi Türü Books
999 ## - SİSTEM KONTROL NUMARALARI (KOHA)
Koha Biblionumber 5188
Koha Biblioitemnumber 5188
Holdings
Kalıcı Konum Mevcut Konum Edinme Tarihi Edinim Kaynak Toplam Check-Out'Lar Tam Çağrı Numarası Barkod Tarih Son Görülme İtibaren Geçerli Fiyatlar Koha Öğesi Türü
CHP Kütüphanesi CHP Kütüphanesi 11/07/2016 Bağış   338.6064 B27 1993 008404 11/07/2016 11/07/2016 Books